| 000 | 00691nam a22001817a 4500 | ||
|---|---|---|---|
| 999 |
_c178482 _d178482 |
||
| 005 | 20210331173522.0 | ||
| 010 | _aENG-129364 | ||
| 020 |
_a978-93-5388-427-7 _c1295.00 |
||
| 035 | _aEN-112896 | ||
| 037 | _bDBAD/PUB | ||
| 082 | _a370.954 | ||
| 245 |
_aTribal Development in India: Challenges and prospects in tribal education/ _cEdited by R. R. Patil |
||
| 260 |
_aNew Delhi _bSage Publication India _c2020 |
||
| 270 |
_aB1/1-1 Mohan Cooperative Industrial Area Mathura Road _bNew Delhi _e110044 |
||
| 300 |
_axv+332p. _c22cm(hbk) _bIncluding illustrations, tables, bibliographical references and index. |
||
| 700 | _aPatil, R. R., Ed. | ||
| 942 |
_2ddc _cEN _h370.954 _mTRI |
||